Vancouver Whitecaps players since 2000 - Statistics

General Stats
  • This quiz has been taken 23 times
  • The average score is 95 of 201
Answer Stats
Rank Player Positions Nationality Matches Goals (assists) Period % Correct
32 Ali Ahmed LM 68 3 (10) 2022-2025
83%
35 Alphonso Davies LB 65 8 (12) 2016-2018
83%
20 Andrés Cubas DM 96 1 (2) 2022-2025
83%
126 Belal Halbouni CB 16 0 (0) 2024-2025
83%
6 Brian White ST 136 62 (16) 2021-2025
83%
23 Camilo Sanvezzo ST 92 39 (17) 2011-2013
83%
77 Daniel Ríos ST 31 3 (2) 2025-2025
83%
21 Darren Mattocks ST 93 19 (7) 2012-2015
83%
4 David Ousted GK 142 0 (1) 2013-2017
83%
31 Deiber Caicedo LW 69 6 (9) 2021-2024
83%
67 Édier Ocampo RB 36 2 (0) 2024-2025
83%
100 Jayden Nelson LW 23 2 (6) 2025-2025
83%
96 Jeevan Badwal CM 25 1 (2) 2025-2025
83%
2 Jordan Harvey LB 179 10 (10) 2011-2017
83%
89 Kei Kamara ST 28 14 (5) 2018-2018
83%
9 Kendall Waston CB 115 14 (6) 2014-2018
83%
74 Levonte Johnson LW 32 0 (0) 2023-2024
83%
38 Lucas Cavallini ST 63 18 (4) 2020-2022
83%
27 Mathías Laborda CB 77 8 (2) 2023-2025
83%
54 Michael Baldisimo DM 47 1 (0) 2020-2022
83%
175 Nelson Pierre ST 3 1 (0) 2025-2025
83%
18 Nicolás Mezquida AM 101 12 (4) 2014-2018
83%
25 Pedro Morales AM 83 25 (18) 2014-2016
83%
61 Ralph Priso DM 42 0 (3) 2024-2025
83%
3 Ranko Veselinović CB 158 6 (5) 2020-2025
83%
161 Rayan Elloumi ST 7 2 (0) 2025-2025
83%
1 Russell Teibert DM 250 4 (14) 2011-2023
83%
10 Ryan Gauld AM 114 34 (37) 2021-2025
83%
48 Sam Adekugbe LB 49 3 (3) 2013-2016, 2023-2025
83%
13 Sebastian Berhalter CM 106 8 (16) 2022-2025
83%
86 Tate Johnson LB 29 1 (1) 2025-2025
83%
12 Tristan Blackmon CB 108 5 (2) 2022-2025
83%
19 Yohei Takaoka GK 100 0 (0) 2023-2025
83%
36 Young-pyo Lee LB 65 1 (6) 2012-2013
83%
51 Ali Adnan CB 47 2 (7) 2019-2020
67%
64 Bjørn Inge Utvik CB 39 0 (0) 2024-2025
67%
101 Blas Pérez ST 22 2 (2) 2016-2016
67%
49 Christian Bolaños RW 48 5 (13) 2016-2017
67%
24 Cristian Dájome LW 88 13 (11) 2020-2023
67%
16 Cristian Techera RW 101 23 (11) 2015-2018
67%
79 Daigo Kobayashi AM 30 2 (4) 2013-2013
67%
105 Damir Kreilach CM 21 3 (0) 2024-2025
67%
88 Emmanuel Sabbi RW 28 7 (5) 2025-2025
67%
58 Eric Hassli ST 43 12 (4) 2011-2012
67%
37 Érik Godoy CB 64 3 (1) 2019-2022
67%
14 Erik Hurtado ST 105 12 (10) 2013-2018
67%
83 Fafà Picault LW 29 9 (6) 2024-2024
67%
53 Felipe Martins CM 47 2 (2) 2018-2019
67%
26 Fredy Montero ST 81 26 (10) 2017-2017, 2019-2020
67%
7 Gershon Koffie CM 134 9 (6) 2011-2015
67%
117 Giuseppe Bovalina RB 18 0 (2) 2024-2025
67%
68 In-beom Hwang DM, CM 36 3 (3) 2019-2020
67%
167 Isaac Boehmer GK 4 0 (0) 2022-2022, 2024-2024
67%
5 Jake Nerwinski RB 138 4 (4) 2017-2022
67%
56 Janio Bikel CM 45 1 (1) 2020-2021
67%
22 Javain Brown RB 93 2 (4) 2021-2024
67%
30 Jay DeMerit CB 71 1 (2) 2011-2014
67%
73 J.C. Ngando DM 33 2 (3) 2023-2023, 2025-2025
67%
42 Joe Cannon GK 56 0 (0) 2011-2013
67%
99 Jordan Smith RB 24 0 (0) 2015-2016
67%
17 Kekuta Manneh LW 101 22 (11) 2013-2017
67%
163 Kenji Cabrera LW 6 1 (0) 2025-2025
67%
40 Leonard Owusu DM 60 0 (1) 2020-2022
67%
103 Lucas Venuto RW 22 3 (1) 2019-2019
67%
50 Luís Martins LB 48 0 (2) 2022-2024
67%
11 Matías Laba DM 113 3 (0) 2014-2017
67%
198 Max Anchor GK 1 0 (0) 2022-2022
67%
43 Maxime Crépeau GK 55 0 (0) 2019-2021
67%
55 Octavio Rivero ST 46 12 (5) 2015-2016
67%
15 Pedro Vite AM 105 11 (5) 2022-2025
67%
85 Stefan Marinovic GK 29 0 (0) 2017-2018
67%
44 Steven Beitashour RB 54 0 (5) 2014-2015
67%
76 Thomas Hasal GK 32 0 (0) 2020-2023
67%
162 Thomas Müller CF 7 7 (3) 2025-2025
67%
28 Tim Parker CB 76 1 (1) 2015-2017
67%
29 Yordy Reyna ST 74 19 (16) 2017-2020
67%
33 Alain Rochat CB 67 5 (1) 2011-2013
50%
34 Alessandro Schöpf CM 65 2 (1) 2022-2024
50%
82 Ali Ghazal CB 29 0 (0) 2017-2018
50%
52 Andrew Jacobson DM 47 4 (2) 2016-2017
50%
46 Andrew O'Brien CB 50 0 (1) 2012-2014
50%
115 Anthony Blondell ST 18 1 (3) 2018-2018
50%
177 Antoine Coupland RM 2 1 (0) 2025-2025
50%
120 Barry Robson RM 17 3 (1) 2012-2012
50%
45 Brek Shea LM 53 7 (5) 2017-2018
50%
97 Brett Levis LB 24 0 (0) 2016-2016, 2018-2019
50%
87 Carlyle Mitchell CB 28 1 (2) 2011-2014
50%
60 Davide Chiumiento AM 42 2 (11) 2011-2012
50%
138 David Milinkovic LW 13 1 (3) 2020-2020
50%
72 Derek Cornelius CB 33 1 (0) 2019-2021
50%
65 Doneil Henry CB 39 4 (0) 2018-2019
50%
127 Efraín Juárez RB 16 0 (1) 2018-2018
50%
148 Giles Barnes ST 10 2 (1) 2016-2016
50%
128 Joaquín Ardaiz ST 16 0 (0) 2019-2019
50%
70 Johnny Leverón CB 34 0 (0) 2013-2014
50%
118 Jordon Mutch CM 18 2 (3) 2018-2018
50%
122 José Aja CB 17 1 (0) 2018-2018
50%
47 Jun Marques Davidson DM 50 0 (0) 2012-2013
50%
59 Kenny Miller ST 43 13 (4) 2012-2014
50%
124 Long Tan ST 17 1 (1) 2011-2012
50%
92 Marcus Godinho RM 27 0 (0) 2021-2022
50%
125 Masato Kudo ST 17 2 (2) 2016-2016
50%
69 Matt Watson CM 36 0 (2) 2012-2013
50%
63 Mauro Rosales RM 40 1 (6) 2014-2015, 2017-2017
50%
199 Nosa Igiebor CM 1 0 (0) 2017-2017
50%
84 Omar Salgado ST 29 1 (2) 2011-2012, 2014-2014
50%
119 PC LB 18 0 (1) 2019-2019
50%
142 Richie Laryea RB 12 1 (3) 2023-2023
50%
75 Sebastián Fernández CF 32 5 (0) 2014-2014
50%
164 Stuart Armstrong CM 6 1 (0) 2024-2024
50%
93 Tony Tchani CM 27 4 (1) 2017-2017
50%
39 Tosaint Ricketts ST 61 7 (2) 2019-2022
50%
157 Zac MacMath GK 8 0 (0) 2019-2019
50%
41 Andy Rose CB 56 3 (2) 2019-2021
33%
184 Ben McKendry CM 1 0 (0) 2017-2017
33%
95 Bernie Ibini-Isei ST 25 1 (2) 2017-2018
33%
104 Brad Knighton GK 21 0 (1) 2012-2013
33%
109 Brad Rusin CB 19 0 (0) 2013-2013
33%
121 Bruno Gaspar RB 17 1 (1) 2021-2021
33%
179 Cole Seiler CB 2 0 (0) 2016-2016
33%
62 Cristián Gutiérrez LB 40 0 (5) 2020-2022
33%
147 Deybi Flores DM 10 0 (0) 2015-2016
33%
155 Evan Bush GK 8 0 (0) 2020-2020
33%
91 Florian Jungwirth CB 27 1 (0) 2021-2022
33%
172 Jasser Khmiri CB 3 0 (0) 2019-2020
33%
134 Jay Nolly GK 14 0 (0) 2011-2011
33%
102 Jonathan Leathers RB 22 0 (0) 2011-2011
33%
106 Jon Erice CM 21 0 (1) 2019-2019
33%
78 Julian Gressel RM 31 5 (7) 2022-2023
33%
159 Junior Hoilett LW 7 0 (0) 2023-2023
33%
132 Kianz Froese AM 15 1 (0) 2014-2016
33%
123 Lass Bangoura RW 17 1 (1) 2019-2019
33%
197 Liam MacKenzie AM 1 0 (0) 2025-2025
33%
66 Marcel de Jong LB 39 0 (3) 2016-2018
33%
90 Martín Bonjour CB 28 1 (0) 2012-2012
33%
160 Michaell Chirinos RW 7 1 (1) 2019-2019
33%
57 Nigel Reo-Coker CM 44 1 (5) 2013-2014
33%
107 Nizar Khalfan MF 21 1 (3) 2011-2011
33%
81 Pa-Modou Kah CB 30 3 (1) 2015-2016
33%
183 Paolo Tornaghi GK 2 0 (0) 2016-2017
33%
8 Ryan Raposo LM 119 5 (8) 2020-2024
33%
114 Sergio Córdova ST 19 2 (1) 2023-2023
33%
133 Sheanon Williams RB 15 0 (2) 2017-2017
33%
108 Simon Becher ST 20 5 (1) 2022-2023
33%
200 Simon Colyn AM 1 0 (0) 2018-2018
33%
143 Terry Dunfield CM 12 1 (2) 2011-2011
33%
144 Wes Knight RB 12 0 (1) 2011-2011
33%
139 Aaron Maund DF 12 0 (0) 2017-2018
17%
176 Alexandre Morfaw LM 2 0 (0) 2011-2011
17%
137 Atiba Harris CB 13 2 (1) 2011-2012
17%
165 Bilal Duckett RB 4 0 (0) 2011-2011
17%
151 Blake Wagner LB 9 0 (0) 2011-2011
17%
185 Brendan McDonough CB 1 0 (0) 2019-2019
17%
146 Brian Rowe GK 10 0 (0) 2018-2018
17%
170 Bryan Meredith GK 3 0 (0) 2020-2020
17%
110 Caio Alexandre DM 19 0 (1) 2021-2022
17%
178 Caleb Clarke ST 2 0 (0) 2012-2012
17%
140 Christian Dean CB 12 0 (0) 2014-2015, 2017-2017
17%
131 Cody Cropper GK 15 0 (1) 2022-2022
17%
158 Corey Hertzog ST 7 1 (1) 2013-2013
17%
186 Cyprian Kachwele ST 1 0 (0) 2024-2024
17%
187 Damiano Pecile DM 1 0 (0) 2020-2020
17%
141 Dane Richards RM 12 3 (1) 2012-2012
17%
154 David Edgar CB 8 0 (0) 2016-2016
17%
166 Diego Rodríguez CB 4 0 (0) 2015-2015
17%
188 Easton Ongaro ST 1 0 (0) 2022-2022
17%
189 Emiliano Brienza ST 1 0 (0) 2022-2022
17%
171 Ethen Sampson RB 3 0 (0) 2014-2015
17%
180 Etienne Barbara ST 2 0 (0) 2012-2012
17%
181 Floyd Franks CM 2 0 (0) 2012-2012
17%
116 Fraser Aird RM 18 0 (0) 2016-2016
17%
190 Georges Mukumbilwa RB 1 0 (0) 2019-2019
17%
191 Giovanni Aguilar CM 1 0 (0) 2023-2023
17%
149 Greg Janicki CB 10 0 (0) 2011-2011
17%
182 Greg Klazura RB 2 0 (0) 2013-2013
17%
192 Jackson Castro CM 1 0 (0) 2025-2025
17%
193 Jay Herdman AM 1 0 (0) 2024-2024
17%
98 Jeb Brovsky DM 24 0 (0) 2011-2011
17%
194 Johnny Selemani LW 1 0 (0) 2025-2025
17%
80 John Thorrington RM 30 0 (0) 2011-2012
17%
173 Kamron Habibullah CM 3 0 (0) 2021-2021
17%
195 Karifa Yao CB 1 0 (0) 2023-2023
17%
174 Kevin Harmse DM 3 0 (0) 2011-2011
17%
196 Kyle Greig ST 1 0 (0) 2017-2017
17%
168 Marco Bustos RW 4 0 (0) 2015-2016
17%
152 Mehdi Ballouchy RM 9 0 (0) 2014-2014
17%
111 Michael Boxall CB 19 0 (0) 2011-2011
17%
135 Michael Nanchoff AM 14 0 (0) 2011-2012
17%
156 Mouloud Akloul CB 8 0 (0) 2011-2011
17%
150 Mustapha Alasan Jarju CF 10 0 (0) 2011-2011
17%
169 Nicolas Fleuriau Chateau ST 4 0 (0) 2024-2025
17%
112 Patrick Metcalfe CM 19 0 (0) 2020-2021
17%
129 Peter Vagenas CM 16 0 (0) 2011-2011
17%
153 Robert Earnshaw ST 9 2 (0) 2015-2015
17%
130 Scott Sutter RB 16 1 (0) 2019-2019
17%
145 Sean Franklin RB 11 0 (0) 2018-2018
17%
113 Sébastien Le Toux ST 19 4 (1) 2012-2012
17%
94 Shea Salinas LW 26 1 (3) 2011-2011
17%
201 Spencer Richey GK 1 0 (0) 2017-2017
17%
71 Theo Bair ST 34 3 (2) 2019-2021
17%
136 Tommy Heinemann ST 14 1 (1) 2013-2013
17%
No matching quizzes found
Score Distribution
Percent of People with Each Score
Percentile by Number Answered
Your Score History
You have not taken this quiz